000
00316 a2200145 4500
001
150911
040
_c
Escola São Tomás de Aquino
100
_a
D´ASSUMPÇÃO, Gislaine Maria
240
1
0
_a
Pingo de luz
_l
por
245
1
0
_a
Pingo de luz
300
_a
43
362
0
_a
1998
697
_a
RELIGIÃO
942
_c
BK
999
_c
150911
_d
150911